banner-ar

قطة على نار / (Record no. 40220)

MARC details
000 -الفاتح
حقل البيانات ثابتة الطول 00563nam a2200193Ia 4500
008 - عناصر البيانات ثابتة الطول - معلومات عامة
حقل البيانات ثابتة الطول 140319s9999 xx 000 0 ara d
040 ## - مصدر الفهرسة
وكالة الفهرسة الأصلية GCL /
وكالة النسخ GCL
082 04 - رقم تصنيف ديوى العشرى
رقم التصنيف 823
رقم المادة و ق
100 1# - المدخل الرئيسى - إسم شخصى
الإسم الشخصى وليامز, تينسى
245 10 - بيان العنوان
العنوان قطة على نار /
بيان المسئوليه,etc وليامز, تينسى
700 1# - المدخل الاضافى - اسم شخصى
الإسم الشخصى محمد سمير عبدالحميد
300 ## - الوصف المادى
التعداد 268 ص
490 ## - بيان السلسلة
عنوان السلسلة مسرحيات عالمية
رقم المجلد/ التعيين التسلسلي 0
650 04 - المدخل الاضافى بالموضوع-مصطلح موضوعى
مصطلح موضوعي الادب
650 04 - المدخل الاضافى بالموضوع-مصطلح موضوعى
مصطلح موضوعي الادب الامريكى
650 04 - المدخل الاضافى بالموضوع-مصطلح موضوعى
مصطلح موضوعي الادب الامريكى المترجم
942 ## - عناصر المدخل الإضافي( كوها)
مصدر التصنيف او مخطط الترفيف Dewey Decimal Classification
Koha [default] item type كتاب
Holdings
حالة التراجع حالة الفقد حالة تلف ليس للاعارة المكان المؤقت الموقع الحالى تاريخ الاكتساب اجمالي اﻻعارات رقم الطلب الباركود تاريخ اخر مشاهدة تاريخ تفعيل السعر نوع وعاء كوها
        مكتبة القاهرة الكبرى مكتبة القاهرة الكبرى 03/26/2014   823\و ق 97652 03/26/2014 03/26/2014 كتاب

Powered By

EGPV